Estudio de prefactibilidad técnica y económica para la instalación de una microempresa productora de papa congelada

保存先:
書誌詳細
第一著者: Mena Jara, Diego
フォーマット: 図書
出版事項: [San José, Costa Rica] 2007
主題:
タグ: タグ追加
タグなし, このレコードへの初めてのタグを付けませんか!

MARC

LEADER 00000nam a2200000Ia 4500
003 009893
005 20221231144109.0
008 140114s2007 cr a 000 ||s d
040 |c cru CEDI  
090 |a TFG 5420 
100 |a Mena Jara, Diego  |9 4934 
245 |a Estudio de prefactibilidad técnica y económica para la instalación de una microempresa productora de papa congelada  
260 |c 2007  |b [San José, Costa Rica] 
300 |a xii, 71 hojas; ilustraciones 
500 |a Proyecto de graduación (licenciatura en ingeniería química)--Universidad de Costa Rica. Facultad de Ingeniería. Escuela de Ingeniería Química 
650 |x PAPAS (TUBERCULOS)   |x ALIMENTOS CONGELADOS   |x  ASPECTOS ECONOMICOS  |x  INDUSTRIA Y COMERCIO   |x  ECONOMIA INDUSTRIAL   |9 4935 
942 |c TFG 
999 |c 16855  |d 16855